Subcategory Multiple Choice: Entertainment Quiz Stats

 Plays Quiz Updated Oct 1, 2017

Challenge
Share
Tweet
Embed
Score 0/14 Timer 04:00
1 Play Today
Question Answer Wrong Answers
Celebrity
Which celebrity was not born in the U.S.?
Arnold Schwarzenegger
95.3%
Chris Pratt
2.5%
Michael Jordan
0.8%
Kanye West
1%
Animation
Which of these TV shows is not animated?
The Office
95.1%
The Simpsons
0.3%
Family Guy
0.6%
South Park
0.5%
Superhero
What is the name of Batman's secret identity?
Bruce Wayne
92.7%
Peter Parker
1.2%
Tony Stark
0.6%
Bruce Banner
2.7%
Quote
Which of these quotes is not from a Star Wars movie?
Here's Johnny!
89.1%
That's no moon.
1.7%
No, I am your father.
3.1%
May the force be with you.
4.1%
Show
Which of these entertainment mediums is a TV show?
30 Rock
86.3%
Office Space
5.3%
Evita
1.6%
A Day in the Life
4.9%
Broadway
What Broadway show includes characters such as Riff, Tony, and Maria?
West Side Story
81.1%
Grease
8.1%
Hairspray
4.7%
Rent
4.3%
Famous
Which of these shows has been hosted by Jimmy Fallon since 2014?
The Tonight Show
69.3%
The Late Show
18.5%
Late Night
8.6%
The Daily Show
2.8%
Anime
What anime features characters that can become 'Super Saiyan'?
Dragon Ball Z
67.7%
Naruto
18.6%
One Piece
4.9%
One Punch Man
5.9%
DC Comics
Which of these superhero ensembles belongs to DC Comics?
The Justice League
66.5%
The Avengers
12.3%
X-Men
13.4%
Teenage Mutant Ninja Turtles
4.7%
Musical
Which of these musicals was not composed by Andrew Lloyd Webber?
Chicago
64%
The Phantom of the Opera
8.4%
Cats
7.1%
Jesus Christ Superstar
19.3%
Comic Books
Which of these comic book superheroes does not belong to Marvel?
Wonder Woman
60.7%
Deadpool
19.8%
Ant-Man
12%
The Hulk
5%
Cartoons
Which of these cartoons was/is not aired on Cartoon Network?
SpongeBob SquarePants
57.9%
Adventure Time
20.3%
Dexter's Laboratory
8.5%
Johnny Bravo
9.8%
Marvel
What is the highest-grossing Marvel film of all time?
The Avengers
55.1%
Captain America: Civil War
25.5%
X-Men 2
7.2%
Spider-Man 3
8.9%
Golden Globes
What movie has won the most Golden Globe Awards with seven?
La La Land
50.2%
The Godfather
40.4%
Doctor Zhivago
6.6%
A Star is Born
2.7%

You're not logged in!

Compare scores with friends on all Sporcle quizzes.
OR
Log In

You Might Also Like...

Show Comments

Extras

Top Quizzes Today


Score Distribution

Your Account Isn't Verified!

In order to create a playlist on Sporcle, you need to verify the email address you used during registration. Go to your Sporcle Settings to finish the process.

Report this User

Report this user for behavior that violates our Community Guidelines.

Details: